000 00580nam a2200229 a 4500
001 nice12345678
003 IN_TiNIC
005 20260116013141.0
008 050524s1992 lona grp 000 0 eng
020 _a0860121801
_c3030.3
082 0 0 _a278
_bDUS
100 _aDussel, Enrique
245 _aChurch in Latin America 1492-1992
260 _aLondon
_bBurns and Oates
_c1992
300 _a453p
500 _aincludes index and biblioraphy
505 2 _aIndex, Notes, Bibliography
700 1 _aDussel, Enrique
902 _bSRS
942 _cBK
999 _c9873
_d9873